| 000 | 01140nam a2200301 i 4500 | ||
|---|---|---|---|
| 001 | bg | ||
| 003 | BPK | ||
| 005 | 20221228123207.0 | ||
| 008 | 000602s1997 pl a f |000 0 pol | ||
| 015 | _aPB 2000/18183 | ||
| 020 | _a8301123826 | ||
| 040 |
_aWA N _cBPK |
||
| 041 | 1 |
_apol _heng |
|
| 080 | _a339.9 | ||
| 080 | _a(075.8+076) | ||
| 100 | 1 | _aGoldberg, Linda S. | |
| 245 | 1 | 0 |
_aMiędzynarodowe stosunki gospodarcze : _bćwiczenia / _cLinda S. Goldberg, Michael W. Klein ; tł. i oprac. Stanisław Ładyka. |
| 246 | 1 |
_iTyt. oryg.: _aInternational economics : _btheory and policy : study guide, _f1991. |
|
| 260 |
_aWarszawa : _bWydaw. Naukowe PWN, _c1997. |
||
| 300 |
_a279, [1] s. : _bil. ; _c21 cm. |
||
| 500 | _aUzup. podręcznika: Międzynarodowe stosunki gospodarcze / Paul R. Krugman, Maurice Obstfeld. | ||
| 655 | 4 | _aĆwiczenia i zadania dla szkół wyższych | |
| 650 | 4 | _aMiędzynarodowe stosunki gospodarcze | |
| 700 | 1 |
_aKlein, Michael W. _d(1958- ) |
|
| 710 | 2 |
_aWydawnictwo Naukowe PWN _4pbl. |
|
| 700 | 1 |
_aŁadyka, Stanisław _d(1928-2012) _eTłumaczenie |
|
| 942 |
_2UKD _cKS |
||
| 999 |
_c32175 _d32175 |
||